[Event "Zonal 3.4 Women"]
[Site "Tashkent UZB"]
[Date "2011.06.14"]
[Round "7.3"]
[White "Davletbayeva,M"]
[Black "Nasriddinzoda,M"]
[Result "1-0"]
[WhiteElo "2234"]
[BlackElo "2011"]

1.e4 d6 2.d4 Nf6 3.Nc3 c6 4.f4 Qa5 5.Bd3 e5 6.Nf3 exd4 7.Nxd4 g6 8.Nb3 Qc7
9.O-O Bg7 10.a4 a5 11.h3 O-O 12.Be3 Nbd7 13.Qd2 Re8 14.Rad1 Nf8 15.Qf2 N8d7
16.Nd2 b6 17.Nc4 Rb8 18.e5 dxe5 19.fxe5 Nxe5 20.Nxe5 Rxe5 21.Bf4 Nh5 22.Bh2 Qe7
23.Bxe5 Bxe5 24.Rde1 f6 25.g4 Nf4 26.Qf3 Bb7 27.Be4 Qc5+ 28.Kh1 Ne6 29.Qe3 Qb4
30.Bg2 Nd4 31.Ne4 Qf8 32.Rf2 c5 33.c3 Bxe4 34.Bxe4 Ne6 35.Bd5 Qd6 36.Bxe6+ Qxe6
37.g5 Qc6+ 38.Qf3 Qxf3+ 39.Rxf3 Kg7 40.gxf6+ Bxf6 41.Re6 Bg5 42.Rc6 Rb7 43.Kg2 Bd8
44.Rd3 Be7 45.Kf3 Kf7 46.Ke4 b5 47.axb5 Rxb5 48.Rd2 Rb8 49.Ra6 Re8 50.Rf2+ Kg7
51.Kd5 Kh6 52.Rxa5 Kh5 53.Kc6 g5 54.Re2 Bd8 55.Rxe8 Bxa5 56.Kxc5  1-0

[Event "Teplice Open"]
[Site "Teplice CZE"]
[Date "2011.06.14"]
[Round "4"]
[White "Horak,Ales"]
[Black "Klein,Le"]
[Result "0-1"]
[WhiteElo "1550"]
[BlackElo "1972"]

1.e4 d6 2.d4 Nf6 3.Nc3 c6 4.Nf3 Bg4 5.Be2 Nbd7 6.O-O e5 7.dxe5 dxe5 8.Bg5 Be7
9.Nd2 Bxe2 10.Qxe2 Qc7 11.Rad1 O-O 12.Kh1 Rfe8 13.f4 b5 14.a3 h6 15.Bxf6 Bxf6
16.f5 a5 17.Qf3 b4 18.Ne2 Nb6 19.axb4 axb4 20.Qb3 Be7 21.Ng3 c5 22.Nc4 Nd7
23.Rxd7 Qxd7 24.Nxe5 Qd6 25.Nxf7 Qd4 26.Nd6+ c4 27.Qxc4+ Qxc4 28.Nxc4 Bf6
29.b3 Ra2 30.Rc1 Bg5 31.Re1 Rxc2 32.e5 Rc3 33.e6 Rxb3 34.Nd6 Ra8 35.Nge4 Re3
36.Rb1 b3 37.Nxg5 hxg5 38.Kg1 Kf8 39.Nc4 Rc3 40.Nb6 Ra2 41.Nd5 Rcc2 42.Nb4 Rxg2+
43.Kh1 Rxh2+  0-1

[Event "Voronezh Master Open"]
[Site "Voronezh RUS"]
[Date "2011.06.14"]
[Round "3.40"]
[White "Pranizin,G"]
[Black "Redikultsev,B"]
[Result "1-0"]
[WhiteElo "2182"]
[BlackElo "2084"]

1.e4 d6 2.d4 Nf6 3.Nc3 Nbd7 4.Be3 e5 5.Nf3 Be7 6.Bd3 O-O 7.d5 c6 8.h4 Qc7
9.Bg5 a6 10.Qe2 b5 11.dxc6 Qxc6 12.Nd5 Re8 13.Rh3 Nxd5 14.exd5 Qc7 15.Qe4 Nf8
16.g4 Qa5+ 17.b4 Qc7 18.Ke2 f6 19.Bd2 Bd8 20.h5 Qf7 21.Nh4 Bb7 22.c4 bxc4
23.Bxc4 Be7 24.Rah1 Rac8 25.Bb3 Rc7 26.Nf5 Rcc8 27.Rf3 Nd7 28.g5 Qf8 29.g6 Nb6
30.h6  1-0

[Event "Voronezh Master Open"]
[Site "Voronezh RUS"]
[Date "2011.06.14"]
[Round "3.37"]
[White "Sokolovsky,V"]
[Black "Rjabzev,K"]
[Result "1-0"]
[WhiteElo "2047"]
[BlackElo "2290"]

1.e4 d6 2.d4 Nf6 3.Nc3 e5 4.Nf3 Nbd7 5.Bc4 Be7 6.Qe2 O-O 7.Bd2 c6 8.Bb3 b5
9.O-O a5 10.a3 Ba6 11.dxe5 Nxe5 12.Nxe5 dxe5 13.Nb1 Qd4 14.Re1 a4 15.c3 Qd7
16.Ba2 c5 17.Bg5 c4 18.Nd2 h6 19.Bxf6 Bxf6 20.Rad1 Qc6 21.Bb1 Bb7 22.Nf1 Bg5
23.Ne3 Rad8 24.Nd5 Qc5 25.h3 f5 26.Nb4 fxe4 27.Rxd8 Bxd8 28.Bxe4 Bb6 29.Rf1 Bxe4
30.Qxe4 Rxf2 31.Rxf2 Qxf2+ 32.Kh2 Qe3 33.Qf5 Qg1+ 34.Kg3 Qe1+ 35.Kf3 Qe3+
36.Kg4 Qe2+ 37.Qf3 Qe3 38.Qf5 Qe2+ 39.Kg3 Qe1+ 40.Kg4 Qd1+ 41.Kg3 Qd6 42.Qe4 Bd8
43.Nd5 Kf7 44.Kf3 g6 45.Ne3 h5 46.Qb7+ Kf8 47.Qxb5 Bg5 48.Qxc4 Bxe3 49.Kxe3 Qb6+
50.Ke4 Qb7+ 51.Kxe5 Qxg2 52.Kf6 Qf3+ 53.Kxg6 Qg3+ 54.Kxh5 Qxh3+ 55.Kg5 Kg7
56.Qc7+ Kg8 57.Qb8+ Kf7 58.Qb7+ Ke8 59.Kf6 Qh4+ 60.Ke5 Qg3+ 61.Kd4 Qf2+ 62.Kc4 Qe2+
63.Kc5 Qf2+ 64.Kc6 Qg2+  1-0

[Event "Zonal 3.4 Men"]
[Site "Tashkent UZB"]
[Date "2011.06.15"]
[Round "8.9"]
[White "Alikulov,Elbek"]
[Black "Temirov,B"]
[Result "1-0"]
[WhiteElo "2265"]
[BlackElo "2320"]

1.e4 d6 2.d4 Nf6 3.Nc3 Nbd7 4.f4 e6 5.Nf3 Be7 6.Bd3 c5 7.e5 Nd5 8.Ne4 dxe5
9.dxe5 b5 10.c3 c4 11.Bc2 Nc5 12.O-O Nxe4 13.Bxe4 Qb6+ 14.Kh1 Bb7 15.Qe2 g6
16.Bd2 O-O 17.Rae1 b4 18.Bb1 Rad8 19.Ng5 Bxg5 20.fxg5 a5 21.Rf2 Qc5 22.Ref1 Ne7
23.Qe3 Qb5 24.Qe1 b3 25.axb3 Qxb3 26.Bf4 Qb5 27.Qe2 Qd5 28.Bc2 Nf5 29.Rd1 Qc6
30.Ra1 Qb5 31.b3 Ba6 32.bxc4 Qxc4 33.Qxc4 Bxc4 34.Rxa5 Ra8 35.Rxa8 Rxa8 36.h3 Ra2
37.Rd2 Ne7 38.Be4 Ra1+ 39.Kh2 Nd5 40.Rd4 Nxf4 41.Rxc4 Ra3 42.Rc5 Kg7 43.h4 Rb3
44.Rc8 Ne2 45.c4 Re3 46.Bf3 Nd4 47.Kg3 Rxe5 48.c5 Re3 49.Kf4 Rc3 50.c6 Rc5
51.Be4 h6 52.gxh6+ Kxh6 53.g4 f5 54.c7 e5+ 55.Ke3 fxe4 56.Rh8+ Kg7 57.c8=Q Rxc8
58.Rxc8  1-0

[Event "Voronezh FIDE Open"]
[Site "Voronezh RUS"]
[Date "2011.06.15"]
[Round "4.26"]
[White "Zhukov,Vi1"]
[Black "Semyonov,V2"]
[Result "0-1"]
[WhiteElo "2133"]
[BlackElo "1858"]

1.e4 d6 2.d4 Nf6 3.Nc3 c6 4.a4 Nbd7 5.f4 e5 6.Nf3 exd4 7.Qxd4 Qb6 8.Be2 Qxd4
9.Nxd4 Nc5 10.Bf3 Bg4 11.Be3 O-O-O 12.b4 Bxf3 13.gxf3 Na6 14.Rb1 Nc7 15.b5 c5
16.Nb3 b6 17.Bf2 d5 18.e5 Nh5 19.Bg3 f5 20.a5 d4 21.axb6 axb6 22.Na4 Kb7
23.Nd2 g6 24.O-O Ra8 25.Ra1 Be7 26.Nc4 Nd5 27.Rfe1 Ra7 28.Naxb6 Nxb6 29.Na5+ Kc7
30.Nc6 Rxa1 31.Rxa1 Nd5 32.Nxe7 Nxe7 33.Ra7+ Kb6 34.Rxe7 Kxb5 35.Kf2  0-1

[Event "TCh-CZE-SLO w Extraliga"]
[Site "Orlova CZE"]
[Date "2011.06.16"]
[Round "2"]
[White "Olsarova,K"]
[Black "Kochetkova,J"]
[Result "1/2-1/2"]
[WhiteElo "2242"]
[BlackElo "2341"]

1.e4 d6 2.d4 Nf6 3.Nc3 e5 4.dxe5 dxe5 5.Qxd8+ Kxd8 6.Bg5 Be6 7.O-O-O+ Nd7
8.f4 exf4 9.Nf3 Kc8 10.Bxf4 Nh5 11.Bd2 Bc5 12.Bd3 Nhf6 13.h3 Re8 14.Rhe1 a6
15.a3 h6 16.g4 Ng8 17.Bf4 c6 18.Bf1 Ne7 19.Bg3 Ng6 20.e5 Kc7 21.Ne4 Be7 22.Nd6 Rf8
23.Nd4 Bg5+ 24.Kb1 Bh4 25.Bxh4 Nxh4 26.Nxb7 Ng6 27.Na5 Ngxe5 28.Bg2 Bd5 29.Bxd5 cxd5
30.Nf5 g6 31.Ne7 d4 32.Nd5+ Kd6 33.Nf4 Nf3 34.Rf1 Nde5 35.Nb3 f5 36.Nxd4 Nxd4
37.Rxd4+ Kc6 38.gxf5 Rxf5 39.Rfd1 Rf6 40.Nd5 Re6 41.Nb4+ Kc7 42.Re4 Rae8
43.Rde1 Kd6 44.Nxa6 g5 45.Rd1+ Kc6 46.Nb4+ Kb6 47.Rde1 Kc7 48.Nd3 Kd6 49.Nxe5 Rxe5
50.Rd1+ Kc6 51.Rxe5 Rxe5 52.Rd3 h5 53.Rg3 Kd5 54.a4 Ke4 55.Ra3 g4 56.hxg4 hxg4
57.a5 Kf4 58.Ra4+ Kf3 59.a6 Re8 60.b4 g3 61.Ra5 g2 62.Rg5 Rb8 63.c3 Rb6 64.Rg8 Rxa6
65.Kb2 Re6 66.Rf8+ Ke3 67.Rg8 Kf3 68.Rf8+ Ke3 69.Rg8 Kf3  1/2-1/2

[Event "Teplice Open"]
[Site "Teplice CZE"]
[Date "2011.06.16"]
[Round "6"]
[White "Khaetsky,R"]
[Black "Klein,Le"]
[Result "1-0"]
[WhiteElo "2394"]
[BlackElo "1972"]

1.e4 d6 2.d4 Nf6 3.Nc3 c6 4.f4 Qa5 5.e5 Nd5 6.Bd2 Nxc3 7.bxc3 Qc7 8.Bd3 g6
9.Nf3 Bg7 10.O-O d5 11.Nh4 e6 12.g4 Qe7 13.Qe1 Bh6 14.Rd1 c5 15.dxc5 Nd7
16.Be3 g5 17.Ng2 gxf4 18.Bxf4 Bxf4 19.Rxf4 h5 20.h4 hxg4 21.Rxg4 Qxc5+ 22.Kh1 b6
23.c4 Bb7 24.cxd5 Bxd5 25.Be4 O-O-O 26.Bxd5 exd5 27.Rgd4 Nf8 28.c4 Ne6 29.Rxd5 Qa3
30.Rxd8+ Nxd8 31.Qe4 Kb8 32.e6 Qh3+ 33.Kg1 Qxe6 34.Qf4+ Kc8 35.Rd6 Qe7 36.Rf6 Rg8
37.Qf5+ Kb8 38.Qf4+ Kc8 39.Qf5+ Qd7 40.Kf2 Qxf5+ 41.Rxf5 Kd7 42.Nf4 Kd6 43.h5 Rh8
44.a4 Rh7 45.a5 Ne6 46.Nd3 bxa5 47.Rxa5 f6 48.Ra6+ Kd7 49.Nc5+  1-0

[Event "Voronezh Master Open"]
[Site "Voronezh RUS"]
[Date "2011.06.16"]
[Round "5.35"]
[White "Khanin,S"]
[Black "Rjabzev,K"]
[Result "1-0"]
[WhiteElo "2092"]
[BlackElo "2290"]

1.e4 d6 2.d4 Nf6 3.Nc3 e5 4.Nf3 Nbd7 5.Bc4 Be7 6.O-O O-O 7.Re1 c6 8.a4 b6
9.Ba2 a6 10.h3 Rb8 11.Be3 b5 12.axb5 axb5 13.b4 Qc7 14.Qd3 exd4 15.Bxd4 Ne5
16.Qe3 Be6 17.Bxe6 Nxf3+ 18.Qxf3 fxe6 19.e5 c5 20.exf6 cxd4 21.Nd5 exd5 22.Qxd5+ Rf7
23.Rxe7 Qc4 24.Ra8  1-0

[Event "1st Forni Open"]
[Site "Forni di Sopra ITA"]
[Date "2011.06.17"]
[Round "8"]
[White "Korneev,O"]
[Black "Okhotnik,V"]
[Result "1-0"]
[WhiteElo "2573"]
[BlackElo "2486"]

1.e4 d6 2.d4 Nf6 3.Nc3 e5 4.Nf3 Nbd7 5.Bc4 Be7 6.O-O O-O 7.Re1 a6 8.a4 b6
9.Ba2 Bb7 10.Qe2 h6 11.Rd1 exd4 12.Nxd4 Ne5 13.Bf4 Ng6 14.Bg3 Qe8 15.Re1 c6
16.Nf5 Rd8 17.Rad1 Ne5 18.Qe3 b5 19.Bxe5 dxe5 20.Qg3 Nh5 21.Qg6 Rxd1 22.Rxd1 Bg5
23.Qxh5  1-0

[Event "7th Metropolitan IM"]
[Site "Los Angeles USA"]
[Date "2011.06.17"]
[Round "4"]
[White "Liou,Y"]
[Black "Kavutskiy,K"]
[Result "1-0"]
[WhiteElo "2273"]
[BlackElo "2190"]

1.e4 d6 2.d4 Nf6 3.Nc3 c6 4.Nf3 Bg4 5.h3 Bh5 6.g4 Bg6 7.Bd3 e6 8.Qe2 d5 9.e5 Bxd3
10.Qxd3 Nfd7 11.Be3 a6 12.O-O-O c5 13.dxc5 Nxc5 14.Qe2 Nc6 15.Kb1 Be7 16.h4 Qa5
17.Bg5 Na4 18.Nxa4 Qxa4 19.Bxe7 Nxe7 20.Nd4 Nc6 21.c3 Rc8 22.f4 Nxd4 23.Rxd4 Qd7
24.h5 b5 25.Rhd1 Qe7 26.f5 Qg5 27.Rf1 O-O 28.a4 Rc4 29.axb5 axb5 30.Qf3 Rcc8
31.Rf4 Rfe8 32.Rb4 exf5 33.Qxd5 Qe3 34.Rxf5 Qe1+ 35.Kc2 Kh8 36.Qd2 Qg1 37.h6 Red8
38.hxg7+ Kg8 39.Qe2 Rc6 40.Rf1 Qa7 41.Rf3 Qd7 42.Rd3 Qe7 43.Rxd8+ Qxd8 44.Qxb5 Rc8
45.Qb7 Kxg7 46.Qb6 Qd5 47.Qd4 Qg2+ 48.Qd2 Qf1 49.Rf4 Qb5 50.Qd3 Qc6 51.Qe4 Qa6
52.Rf6 Qb5 53.Rf2 Rb8 54.Kc1 Rb7 55.e6 fxe6 56.Qxe6 Qg5+ 57.Kc2 Re7 58.Qf5 Qh4
59.Qf8+ Kg6 60.Rd2  1-0

[Event "61st ch-RUS HL w"]
[Site "Taganrog RUS"]
[Date "2011.06.17"]
[Round "3"]
[White "Ivakhinova,I"]
[Black "Petrova,O"]
[Result "1/2-1/2"]
[WhiteElo "2326"]
[BlackElo "2256"]

1.e4 d6 2.d4 Nf6 3.Nc3 c6 4.f4 Qa5 5.e5 Ne4 6.Bd3 Nxc3 7.Qd2 d5 8.Ne2 c5
9.Nxc3 e6 10.dxc5 Bxc5 11.Nb5 Qb6 12.b4 Be7 13.Bb2 Nc6 14.a3 a5 15.Nd6+ Bxd6
16.exd6 f6 17.b5 Nd8 18.Bd4 Qxd6 19.Qe3 Nf7 20.O-O Bd7 21.Bc5 Qc7 22.Bb6 Qc3
23.Bd4 Qc7 24.Qg3 Kf8 25.Qf2 Rc8 26.Rab1 Nd6 27.Bb6 Qb8 28.Bxa5 Nc4 29.Bb4+ Kf7
30.a4 Qc7 31.Qd4 Qb6 32.Qxb6 Nxb6 33.Ra1 Nc4 34.Ra2 b6 35.Kf2 Rhe8 36.Rd1 Rc7
37.c3 Ra8 38.Rda1 e5 39.fxe5 fxe5 40.Bxc4 Rxc4 41.a5 Rf4+ 42.Ke3 Re4+ 43.Kf2 Rf4+
44.Ke3 Re4+ 45.Kf2  1/2-1/2

[Event "25th Open Pula"]
[Site "Pula CRO"]
[Date "2011.06.18"]
[Round "1.26"]
[White "Grebstad,K"]
[Black "Biti,O"]
[Result "0-1"]
[WhiteElo "1968"]
[BlackElo "2378"]

1.d4 d6 2.e4 Nf6 3.Nc3 e5 4.Nf3 Nbd7 5.Bc4 Be7 6.O-O O-O 7.Bg5 h6 8.Be3 Ng4
9.Qe2 c6 10.a4 a5 11.h3 Nxe3 12.fxe3 Bf6 13.Rad1 Qe7 14.Qf2 Nb6 15.Bb3 Be6
16.Bxe6 fxe6 17.b3 Rac8 18.Qg3 exd4 19.exd4 e5 20.d5 c5 21.Nb5 c4 22.Qe1 Nd7
23.Qxa5 Nc5 24.Nd2 cxb3 25.cxb3 Bg5 26.Rxf8+ Rxf8 27.Qc7 Be3+ 28.Kh1 Qg5
29.Nf3 Qg3 30.Nxd6 Rxf3 31.gxf3 Qxh3+  0-1

[Event "34th MGU Open"]
[Site "Sofia BUL"]
[Date "2011.06.18"]
[Round "1.2"]
[White "Petrov,Martin"]
[Black "Orev,P"]
[Result "1/2-1/2"]
[WhiteElo "1933"]
[BlackElo "2224"]

1.e4 Nf6 2.Nc3 d6 3.d4 c6 4.g3 b5 5.a3 Nbd7 6.Bg2 Bb7 7.Nge2 g6 8.O-O Bg7
9.f4 O-O 10.h3 a5 11.Be3 Nb6 12.b3 b4 13.axb4 axb4 14.Na2 Qc7 15.c3 c5 16.d5 e6
17.dxe6 Nxe4 18.exf7+ Rxf7 19.Qc2 Re7 20.Rae1 Nd5 21.Bd2 bxc3 22.Nexc3 Ndxc3
23.Nxc3 Nxd2 24.Qxd2 Bd4+  1/2-1/2

[Event "Teplice Open"]
[Site "Teplice CZE"]
[Date "2011.06.18"]
[Round "8"]
[White "Ta,V"]
[Black "Klein,Le"]
[Result "1-0"]
[WhiteElo "1856"]
[BlackElo "1972"]

1.e4 d6 2.d4 Nf6 3.Nc3 c6 4.f4 Qa5 5.Bd3 Nbd7 6.Nf3 e6 7.O-O Be7 8.Kh1 a6
9.Ne2 b5 10.c3 Qc7 11.e5 Nd5 12.Ng3 g6 13.Ne4 c5 14.Bd2 Bb7 15.Qe2 c4 16.Bc2 N5b6
17.exd6 Bxd6 18.Nxd6+ Qxd6 19.Rae1 O-O 20.Ne5 Nf6 21.Qf2 Nh5 22.Re3 f5 23.Rh3 Nf6
24.Qh4 Qe7 25.Re1 Qg7 26.Rhe3 Rfe8 27.Kg1 Ne4 28.Bxe4 Bxe4 29.Ng4 Nd5 30.Rg3 Ra7
31.Nf2 Nf6 32.Qg5 Bd5 33.Rge3 Ne4 34.Nxe4 Bxe4 35.g4 Rf7 36.h3 Bd5 37.Re5 Ref8
38.Kh2 h5 39.gxh5 gxh5 40.Rg1 Qxg5 41.Rxg5+ Rg7 42.Kg3 Rf6 43.Kh4 Rh6 44.Re1 Kf7
45.Reg1 Rhg6 46.Be3 Bf3 47.a4 Kf6 48.axb5 axb5 49.d5 Rxg5 50.fxg5+ Ke7 51.Bd4 Rg8
52.dxe6 Kxe6 53.Rg3 Be4 54.Kxh5 f4 55.Rg1 Kf5 56.Kh6 Rg6+ 57.Kh5 Bf3+ 58.Kh4 Be2
59.Rg2 f3 60.Rg3 Re6 61.Bf2 Re8 62.Rg4 Rh8+ 63.Kg3 Kg6 64.h4 Bd1 65.Rf4 Rh7
66.Rf6+ Kg7 67.Rb6 Kg8 68.Rxb5 Rf7 69.Rb6 Be2 70.g6 Rf5 71.Rb7 Rf6 72.h5 Bd3
73.Rb8+ Rf8 74.Rxf8+ Kxf8 75.Kxf3 Kg7 76.Kg4 Kh6 77.Be3+ Kg7 78.Kg5 Kg8 79.h6  1-0

[Event "Teplice Open"]
[Site "Teplice CZE"]
[Date "2011.06.18"]
[Round "8"]
[White "Khaetsky,R"]
[Black "Neuman,P"]
[Result "1-0"]
[WhiteElo "2394"]
[BlackElo "2459"]

1.e4 d6 2.d4 Nf6 3.Nc3 e5 4.Nge2 c6 5.a4 Nbd7 6.g3 g6 7.Bg2 Bg7 8.O-O O-O
9.h3 Re8 10.Be3 exd4 11.Bxd4 Qe7 12.g4 Nc5 13.Ng3 Ne6 14.Be3 Nd7 15.f4 Nec5
16.Bd4 Bxd4+ 17.Qxd4 Ne6 18.Qd2 a5 19.Rad1 Nb6 20.b3 Rd8 21.f5 Nc5 22.e5 Qxe5
23.Nce4 d5 24.fxg6 hxg6 25.Nf6+ Kg7 26.Rde1 Qd6 27.Ngh5+  1-0

[Event "4th Karen Asrian Memorial"]
[Site "Jermuk ARM"]
[Date "2011.06.19"]
[Round "4"]
[White "Hovhannisyan,R"]
[Black "Nadanian,A"]
[Result "1/2-1/2"]
[WhiteElo "2553"]
[BlackElo "2426"]

1.e4 d6 2.d4 Nf6 3.Nc3 e5 4.dxe5 dxe5 5.Qxd8+ Kxd8 6.Nf3 Bd6 7.Be3 Nbd7 8.O-O-O a6
9.Nd2 Ng4 10.Nc4 Nxe3 11.fxe3 Bc5 12.Nxe5 Ke8 13.Nd5 Nxe5 14.Nxc7+ Ke7 15.Nxa8 Bg4
16.Nc7 Bxe3+ 17.Kb1 Bxd1 18.Nd5+ Ke6 19.Nxe3 Bh5 20.g3 f6 21.Nf5 Rd8 22.Bc4+ Nxc4
23.Nxg7+ Ke5 24.Nxh5 Rd2 25.h4 Ne3 26.a3 Rf2 27.g4 h6 28.Rg1 Kxe4 29.a4 a5
30.g5 fxg5 31.hxg5 hxg5 32.Rxg5 Nxc2 33.Rxa5 Nb4 34.Ng3+ Kd4 35.Rf5 Rxf5
36.Nxf5+ Kc5 37.Ne7 Nd3 38.b3 Kb4 39.Kc2 Ne1+ 40.Kb2  1/2-1/2

[Event "61st ch-RUS HL w"]
[Site "Taganrog RUS"]
[Date "2011.06.19"]
[Round "4"]
[White "Petrova,O"]
[Black "Fominykh,M"]
[Result "1-0"]
[WhiteElo "2256"]
[BlackElo "2291"]

1.e4 d6 2.d4 Nf6 3.Nc3 e5 4.Nf3 Nbd7 5.Bc4 Be7 6.O-O O-O 7.a4 c6 8.b3 exd4
9.Nxd4 Ne5 10.Be2 Re8 11.f4 Ng6 12.Kh1 Qa5 13.Bb2 Bd8 14.Qd3 Bb6 15.Rad1 Bg4
16.Bxg4 Nxg4 17.h3 Qh5 18.Qf3 Bxd4 19.Rxd4 Nf6 20.Qd3 Qh4 21.Bc1 Nh5 22.Kh2 Ngxf4
23.Qf3 Ne6 24.Rxd6 Re7 25.g4 Nf6 26.e5 Nd7 27.Ne4 Nxe5 28.Qf5 Ng6 29.Be3 Rae8
30.Rd2 Rc7 31.Ng5 Nh8 32.Nxe6 fxe6 33.Qe5 Qe7 34.Bc5 Ng6 35.Qe3 Qh4 36.g5 e5
37.Rdf2 Rcc8 38.Rf7 b6 39.Bd6 Rcd8 40.Bc7 Rd4 41.Bxe5 Nxe5 42.Qxe5 Rd2+ 43.Kg1 Qd4+
44.Qxd4 Rxd4 45.Rxa7 Rd5 46.h4 Rd4 47.Rff7 Rxh4 48.Rxg7+ Kh8 49.Kf2 Ree4
50.Rgf7 Kg8 51.Kf3 Re8 52.Rab7 Rh2 53.Rfd7 c5 54.Rxb6 Rhe2 55.a5 R8e3+ 56.Kf4 Re4+
57.Kf5 Re5+ 58.Kf6 Re8 59.g6 Rf2+ 60.Kg5 Rg2+ 61.Kf5 Rf8+ 62.Rf7 Rf2+ 63.Ke5 Re8+
64.Kd5 Rd2+ 65.Kxc5 hxg6 66.Rff6 Rxc2+ 67.Kb4 g5 68.Rg6+ Kh7 69.Rxg5 Re4+
70.Ka3 Ree2 71.a6 Ra2+ 72.Kb4 Re4+ 73.Kb5 Re8 74.b4 Rc8 75.Rb7+ Kh6 76.Rgg7 Ra8
77.a7 Rf8 78.Rgf7 Rg8 79.Rb8 Rxa7 80.Rb6+  1-0

[Event "Baltija Cup Open A"]
[Site "Palanga LTU"]
[Date "2011.06.20"]
[Round "2.2"]
[White "Vanagas,T"]
[Black "Sarakauskas,G"]
[Result "1/2-1/2"]
[WhiteElo "2049"]
[BlackElo "2421"]

1.d4 d6 2.e4 Nf6 3.Nc3 e5 4.Nge2 Nc6 5.f3 g6 6.Be3 Bg7 7.Qd2 d5 8.exd5 Nxd5
9.Nxd5 Qxd5 10.Nc3 Qd8 11.Bb5 exd4 12.O-O-O Be6 13.Bxd4 Qxd4 14.Qxd4 Bxd4
15.Rxd4 Ke7 16.Bxc6 bxc6 17.Ne4 Rhd8 18.Rhd1 Rd5 19.Rxd5 cxd5 20.Nc3 c6 21.b4 Kd6
22.f4 a5 23.a3 axb4 24.axb4 Ra1+ 25.Kd2 Rxd1+ 26.Nxd1 d4 27.Kd3 c5 28.bxc5+ Kxc5
29.c3 Bf5+ 30.Kd2 Kc4 31.cxd4 Kxd4 32.Nf2 Bc8 33.Ke2 Ba6+ 34.Kf3 Bb7+ 35.Kg3 h5
36.Nd1 Kd3 37.Kf2 Bd5 38.g3 Bb3 39.Ne3 Ke4 40.Nf1 Bd5 41.Ne3 Bc6 42.Nc4  1/2-1/2

[Event "Baltija Cup Open A"]
[Site "Palanga LTU"]
[Date "2011.06.20"]
[Round "2.24"]
[White "Lukosius,Rimvydas"]
[Black "Kasparavicius,L"]
[Result "0-1"]
[WhiteElo "1851"]
[BlackElo "2113"]

1.e4 d6 2.d4 Nf6 3.Nc3 c6 4.a4 Qa5 5.Bd2 e5 6.b4 Qc7 7.d5 Be7 8.Nf3 O-O 9.h3 Nbd7
10.g4 cxd5 11.g5 dxe4 12.gxf6 Nxf6 13.Nh4 d5 14.Nb5 Qc6 15.Rg1 a6 16.Na3 Ne8
17.Qh5 g6 18.c4 Ng7 19.Qh6 Qf6 20.cxd5 Qxh4 21.Qxh4 Bxh4 22.Nc4 Nf5 23.Rc1 b5
24.axb5 axb5 25.Nb6 Rb8 26.Nxc8 Rfxc8 27.Rxc8+ Rxc8 28.Rg4 Ra8 29.Bc3 e3
30.Bxe5 Bxf2+ 31.Kd1 Rd8 32.d6 Nxd6 33.Ke2 Nf5 34.Bc3  0-1

[Event "Baltija Cup Open A"]
[Site "Palanga LTU"]
[Date "2011.06.20"]
[Round "3.3"]
[White "Bernotas,A"]
[Black "Beinoras,M"]
[Result "0-1"]
[WhiteElo "2087"]
[BlackElo "2358"]

1.e4 d6 2.d4 Nf6 3.Nc3 c6 4.Bd3 e5 5.Nge2 g6 6.O-O Bg7 7.h3 O-O 8.Be3 Nbd7
9.a4 Re8 10.f4 exd4 11.Bxd4 Qa5 12.Qd2 Nc5 13.Rad1 Qb4 14.Kh1 a5 15.e5 Nfd7
16.Bxc5 Nxc5 17.exd6 Nxd3 18.Qxd3 Bf5 19.Qd2 Qxb2 20.g4 Bd7 21.Rb1 Qa3 22.Rxb7 Rad8
23.Rd1 Qc5 24.Qd3 Re3 25.Qa6 Rxh3+ 26.Kg2 Bxg4  0-1

[Event "25th Open Pula"]
[Site "Pula CRO"]
[Date "2011.06.20"]
[Round "3.9"]
[White "Rubil,M"]
[Black "Drazic,S"]
[Result "0-1"]
[WhiteElo "2255"]
[BlackElo "2486"]

1.e4 d6 2.d4 Nf6 3.Nc3 e5 4.dxe5 dxe5 5.Bc4 Be6 6.Qxd8+ Kxd8 7.Bxe6 fxe6
8.f3 Nbd7 9.Be3 a6 10.Nge2 Bd6 11.a4 Ke7 12.O-O h6 13.Nc1 Rac8 14.Nb1 c5
15.c4 Nb8 16.Nd3 Nfd7 17.f4 exf4 18.Bxf4 Bxf4 19.Rxf4 Nc6 20.Nd2 Nde5 21.Nxe5 Nxe5
22.Ra3 Rhd8 23.Rf2 Rd3 24.Rxd3 Nxd3 25.Rf3 Rd8 26.b3 Ne5 27.Rf2 Rd3 28.Kf1 Ng4
29.Rf4 Nxh2+ 30.Ke2 Rg3 31.Kf2 Rg4 32.Rxg4 Nxg4+ 33.Kf3 Ne5+ 34.Ke3 h5 35.Nf1 h4
36.Nd2 Kf6 37.Nb1 Kg5 38.Nc3 Kg4 39.Ne2 g5 40.Kf2 Nd3+ 41.Kf1 a5 42.Nc3 Kf4
43.Nb5 g4 44.Nc7 Ke5  0-1

[Event "25th Open Pula"]
[Site "Pula CRO"]
[Date "2011.06.20"]
[Round "3.3"]
[White "Jovanovic,Zo CRO"]
[Black "Aschenbrenner,R"]
[Result "1-0"]
[WhiteElo "2553"]
[BlackElo "2278"]

1.e4 d6 2.d4 Nf6 3.Nc3 e5 4.dxe5 dxe5 5.Qxd8+ Kxd8 6.Bc4 Ke8 7.Nf3 Bd6 8.Bg5 Nbd7
9.O-O-O a6 10.a4 h6 11.Bh4 b6 12.Rhe1 Bb7 13.Bxf6 Nxf6 14.Nd5 Nxd5 15.Bxd5 Bxd5
16.Rxd5 f6 17.Nh4 Rd8 18.Red1 Be7 19.Rxd8+ Bxd8 20.Rd3 Rg8 21.Nf5 h5 22.Ne3 g6
23.Nd5 a5 24.Kd2 Rg7 25.Kc3 c6 26.Ne3 Rd7 27.f3 Rxd3+ 28.Kxd3 Kd7 29.Kc4 Be7
30.c3 Bc5 31.Nf1 Bg1 32.b4 axb4 33.cxb4 Kd6 34.h3 Bf2 35.Nd2 Be3 36.Nb3 h4
37.Na1 Bf2 38.Nc2 Kc7 39.b5 Kd6 40.Nb4 Be1 41.Nxc6 f5 42.Nb4 Bf2 43.Nd5 Bg1
44.Nc3 Be3 45.Ne2 Bf2 46.Nc1 f4 47.Nb3 Be1 48.Kd3 Bb4 49.Nd2  1-0

[Event "61st ch-RUS HL w"]
[Site "Taganrog RUS"]
[Date "2011.06.20"]
[Round "5"]
[White "Kostrikina,A"]
[Black "Petrova,O"]
[Result "1-0"]
[WhiteElo "2072"]
[BlackElo "2256"]

1.e4 d6 2.d4 Nf6 3.Nc3 c6 4.Nf3 Bg4 5.h3 Bxf3 6.Qxf3 e6 7.d5 e5 8.g4 Be7
9.Be3 O-O 10.O-O-O Qa5 11.Kb1 Rc8 12.g5 Ne8 13.h4 b5 14.Bh3 Rd8 15.h5 b4
16.Ne2 cxd5 17.exd5 Nd7 18.g6 Nef6 19.gxf7+ Kh8 20.h6 g6 21.Bg5 e4 22.Qf4 Nh5
23.Bxe7 Nxf4 24.Bxd7 Nxd5 25.Rxd5  1-0

[Event "64th ch-RUS HL"]
[Site "Taganrog RUS"]
[Date "2011.06.20"]
[Round "6"]
[White "Kornev,Alexei"]
[Black "Morozevich,A"]
[Result "0-1"]
[WhiteElo "2511"]
[BlackElo "2694"]

1.d4 d6 2.e4 Nf6 3.Nc3 Nbd7 4.g4 h6 5.h3 e5 6.Nge2 b5 7.Bg2 b4 8.Nd5 Nxd5
9.exd5 Rb8 10.O-O Be7 11.a3 a5 12.axb4 axb4 13.f4 O-O 14.Ng3 exd4 15.Nf5 d3
16.Nxe7+ Qxe7 17.Qxd3 Nc5 18.Qe3 Qf6 19.Rd1 b3 20.c4 Ba6 21.Qd4 Rfe8 22.Be3 Rxe3
23.Qxe3 Qxb2 24.Bf1 Qf6 25.Rdb1 g6 26.Ra5 b2 27.Ra3 h5 28.Be2 Bc8 29.Qd2 Bd7
30.Bd1 Ne4 31.Qe3 Re8 32.Kg2 Qh4 33.Rxb2 hxg4 34.hxg4 Bxg4 35.Bxg4 Qxg4+
36.Kf1 Qd1+ 37.Kg2 Nf6 38.Qf3 Qd4 39.Rf2 Qxc4 40.Rc3 Qd4 41.Rd3 Qa4 42.Qd1 Qe4+
43.Qf3 Qf5 44.Rd4 Kg7 45.Qc3 Qg4+ 46.Kf1 Rh8 47.Qf3 Qf5 48.Qd3 Rh1+ 49.Ke2 Qd7
50.Kd2 c5 51.dxc6 Qxc6 52.Rc4 Qb6 53.Re2 d5 54.Ra4 Qg1 55.Qc2 Ne4+ 56.Raxe4 dxe4
57.Qc3+ Kh7 58.Qc4 f5 59.Qd3  0-1

[Event "3rd Eforie Open"]
[Site "Eforie Nord ROU"]
[Date "2011.06.21"]
[Round "2.6"]
[White "Ionescu,I"]
[Black "Badea,B"]
[Result "1/2-1/2"]
[WhiteElo "2245"]
[BlackElo "2491"]

1.e4 d6 2.d4 Nf6 3.Nc3 e5 4.dxe5 dxe5 5.Qxd8+ Kxd8 6.Nf3 Bd6 7.Bg5 c6 8.O-O-O Kc7
9.Bc4 Rf8 10.Rd3 Ne8 11.Rhd1 f6 12.Be3 Bg4  1/2-1/2

[Event "Baltija Cup Open A"]
[Site "Palanga LTU"]
[Date "2011.06.21"]
[Round "4.22"]
[White "Starcevs,Dmitrijs"]
[Black "Kasparavicius,L"]
[Result "1/2-1/2"]
[WhiteElo "1840"]
[BlackElo "2113"]

1.d4 d6 2.e4 Nf6 3.Nc3 c6 4.Bc4 Qa5 5.f3 e5 6.Ne2 Be7 7.O-O O-O 8.Be3 b5
9.Bb3 b4 10.Nb1 Ba6 11.Nd2 exd4 12.Bxd4 d5 13.exd5 cxd5 14.Re1 Bc5 15.Bxc5 Qxc5+
16.Kh1 Nc6 17.Ba4 Ne5 18.Nb3 Qd6 19.Ng3 Bc8 20.Qd4 Nc4 21.Bb5 Nb6 22.Nc5 Be6
23.Qxb4 Rfc8 24.Nd3 Qxb4 25.Nxb4 Rc5 26.a4 a5 27.Nc6 Rxc2 28.b4 axb4 29.Nxb4 Rb2
30.Nd3 Rd2 31.Nf1 Rc2 32.a5 Nc4 33.a6 Ra7 34.Nb4 Rb2 35.Nc6 Ra8 36.Bxc4 dxc4
37.a7 c3 38.Red1 Nd5 39.h3 Rb6 40.Rxd5 Bxd5 41.Ne7+ Kf8 42.Nxd5 Rb7 43.Nxc3 Rbxa7
44.Rxa7 Rxa7 45.Kh2 Ra1 46.Ne3 Ra3 47.Ncd5 Rd3 48.Kg3 Ke8 49.Kf4 Kd7 50.Ke4 Rd2
51.h4 Ke6 52.Nf4+ Ke7 53.g4 Ra2 54.Nf5+ Kf8 55.Nd5 Ra4+ 56.Kd3 Ra3+ 57.Ke2 Ra5
58.Nc3 Ra3 59.Ne4 Ra5 60.h5 h6 61.Ke3 Ra3+ 62.Kf4 Ra5 63.Nf2 Ra2 64.Nd3 Ra4+
65.Ke3 Ra5 66.f4 Kg8 67.Ne5 Ra3+ 68.Ke4 Ra6 69.Ne7+ Kf8 70.Nd5 Ra4+ 71.Kf5 Ra5
72.Ke4 Ra4+ 73.Kf3 Ra5 74.Ne3 Kg8 75.N5c4 Ra6 76.Nd2 Ra2 77.Ne4 Ra5 78.f5 f6
79.Nf2  1/2-1/2

[Event "3rd Eforie Open"]
[Site "Eforie Nord ROU"]
[Date "2011.06.22"]
[Round "3.6"]
[White "Peptan,C"]
[Black "Ionescu,I"]
[Result "1-0"]
[WhiteElo "2421"]
[BlackElo "2245"]

1.e4 d6 2.d4 Nf6 3.Nc3 e5 4.Nf3 Nbd7 5.Bc4 Be7 6.O-O O-O 7.a4 c6 8.a5 Nxe4
9.Bxf7+ Rxf7 10.Nxe4 exd4 11.Nfg5 Bxg5 12.Bxg5 Qf8 13.Qxd4 d5 14.Ng3 Qc5
15.Qd2 Nf8 16.Be3 Qb5 17.b3 Be6 18.b4 Ng6 19.Ne2 Qa6 20.Nd4 Bd7 21.f3 Ne5
22.Bf2 Nc4 23.Qd3 Re8 24.Rfe1 Rfe7 25.Rxe7 Rxe7 26.Nb3 Be8 27.Bc5 Bg6 28.Qf1 Re8
29.Qf2 h6 30.h3 Ne5 31.f4 Nd7 32.f5 Bf7 33.Bd4 Nf6 34.Nc5 Qc4 35.c3 b6 36.axb6 axb6
37.Bxf6 gxf6 38.Qg3+ Kh8 39.Nd7 Rg8 40.Qe3 Rg5 41.Ra8+ Bg8 42.Rxg8+ Kxg8
43.Qe8+  1-0

[Event "Baltija Cup Open A"]
[Site "Palanga LTU"]
[Date "2011.06.22"]
[Round "6.15"]
[White "Kazakovskiy,Valeriy"]
[Black "Kasparavicius,L"]
[Result "0-1"]
[WhiteElo "1886"]
[BlackElo "2113"]

1.e4 d6 2.d4 Nf6 3.Nc3 c6 4.f4 Qa5 5.e5 Ne4 6.Nf3 Nxc3 7.Qd2 Bg4 8.Qxc3 Qxc3+
9.bxc3 Bxf3 10.gxf3 Nd7 11.Bd3 e6 12.Rb1 Rb8 13.Bd2 g6 14.Kf2 Be7 15.Kg3 O-O
16.h4 h5 17.Rhe1 Rfc8 18.Re2 c5 19.d5 exd5 20.e6 Nf8 21.Rbe1 fxe6 22.f5 c4
23.Rxe6 Nxe6 24.Rxe6 cxd3 25.Rxe7 dxc2 26.f6 Rxc3 27.Rg7+ Kf8 28.Bc1 Re8
29.Rd7 Rec8 30.Bf4 c1=Q 31.Bxd6+ Ke8 32.Re7+ Kd8 33.f7 Qg1+ 34.Kf4 R8c4+
35.Ke5 Qd4+ 36.Ke6 Re3+  0-1